| 000 | 01123cam a2200241 4500 | ||
|---|---|---|---|
| 008 | 030717n2003 000 0 eng u | ||
| 020 | _a1859461336 | ||
| 035 | _a(Sirsi) u123043 | ||
| 041 | _aeng | ||
| 050 |
_a692.8 _c18 |
||
| 100 | _aLupton, Sarah | ||
| 245 | _aGuide to MPF | ||
| 260 |
_aLondon _bRIBA Enterprises _c2003 |
||
| 300 |
_a140p. _c25cm. |
||
| 350 | _a32 | ||
| 520 | _aA practical guide to the JCT Major Project Form (MPF) 2003 edition explains the form's provisions, highlights some of its benefits and draws attention to the risks assumed by the parties. Covers design liability and the role of consultants; documents; obligations of the contractor; commencement and completion; control of the works; payment; indemnity and insurance; termination; and dispute resolution. | ||
| 650 | _aJCT MAJOR PROJECT FORM (2003 EDITION) | ||
| 650 | _aMAJOR PROJECTS | ||
| 650 | _aBUILT ENVIRONMENT-BUILDING CONTRACT FORMS-STANDARD FORMS OF BUILDING CONTRACT-JOINT CONTRACTS TRIBNUAL CONTRACTS | ||
| 690 | _aBUILT ENVIRONMENT-BUILDING CONTRACT FORMS | ||
| 700 |
_aDavison, Elizabeth _xEditor |
||
| 942 | _n0 | ||
| 999 |
_c102987 _d102987 |
||